000 00259nam a22001097a 4500
008 170116b xxu||||| |||| 00| 0 eng d
020 _a9781933107783
041 _aeng
080 _27TH
_a618.2
245 _aFUNDAMENTALS FOR NURSING
_cKNIPPA, A
942 _2udc
_cBK
999 _c2909
_d2909